000 01171cam a2200229 4500
001 L137010
008 070309s2007 xxk f 000 0 eng d
035 _a(Sirsi) u137010
041 0 _aeng
050 0 4 _a711.52 $2 18
110 2 _aUnited Kingdom
_bParliament
_bHouse of Commons
_bCommunities and Local Government Committee
_95139
245 0 0 _aCoastal towns
_bsecond report of session 2006/07
_h[electronic resource]
260 _aLondon
_bTSO
_c2007
505 2 _aThe characteristics of coastal towns -- Coastal economies -- Regeneration and funding -- National policy and initiatives.
520 _aExamines current UK government policy affecting English coastal towns. Focuses on the issues which affect coastal towns and the causes of, and possible solutions to, deprivation in these places.
590 _aKA
651 4 _aEngland
_y886-
690 _aPROPERTY-RURAL AND NATURAL ASSETS-RURAL AND NATURAL ASSET MANAGEMENT-COASTAL MANAGEMENT
690 _aPROPERTY-PROPERTY MANAGEMENT-REGENERATION
856 4 8 _uhttps://www.publications.parliament.uk/pa/cm/cmcomloc.htm
_zView the report free of charge online at www.publications.parliament.uk...
942 _n0
999 _c106589
_d106589